Jeppy nelle bandiere #1 - Statistics

Statistiche generali
  • Questo quiz è stato fatto 29 volte
  • Il punteggio medio è 15 su 16
Statistiche sulle risposte
con Immagini Risposta % Corretto
Argentina
100%
Bhutan
100%
Brasile
100%
Cipro
100%
Città del Vaticano
100%
Macedonia del Nord
100%
Marocco
100%
Regno Unito
100%
Stati Uniti
100%
Turchia
100%
Giappone
96%
Liechtenstein
96%
Paraguay
88%
Burundi
84%
Dominica
80%
Tuvalu
80%
Nessun quiz corrispondente trovato
Distribuzione punteggi
Percentuale di utenti per punteggio
Percentile per numero di risposta
I tuoi punteggi nel tempo
Non hai fatto questo quiz